00707nam a2200241 a 4500001001300000003000900013005001700022008004100039020000900080082001500089100002000104245004500124260004600169300000900215500003500224505001300259650002700272700002000299902000800319942000700327952011400334999001700448nice12345678IN_TiNIC20260116013536.0050524s1995 boma grp 000 0 eng  ac6500a305.4bPOO aPoonacha, Veena aGender Within the Human Rights Discourse aBombaybS.N.D.T. Women`s Universityc1995 a184p aincludes index and biblioraphy2 aAppendix aWomen and Human Rights1 aPoonacha, Veena bSRS cBK 001040708StackRoom-aHMIbHMId2007-03-21g65.00l0o305.4 POOp019790r2007-03-21v65.00w2005-05-24yBK c11398d11398